Basic electrical engineering (Record no. 7166)

000 -LEADER
fixed length control field 00658nam a2200217 4500
001 - CONTROL NUMBER
control field 7166
003 - CONTROL NUMBER IDENTIFIER
control field BD-DhUET
008 - FIXED-LENGTH DATA ELEMENTS--GENERAL INFORMATION
fixed length control field 740521s1975 nyua 001 0 eng
020 ## - INTERNATIONAL STANDARD BOOK NUMBER
International Standard Book Number 0070211523
040 ## - CATALOGING SOURCE
Original cataloging agency DLC
Transcribing agency DLC
Modifying agency BD-DhUET
082 00 - DEWEY DECIMAL CLASSIFICATION NUMBER
Classification number 623
Item number FIT/1975
100 1# - MAIN ENTRY--PERSONAL NAME
Personal name Fitzgerald, A. E.
245 10 - TITLE STATEMENT
Title Basic electrical engineering
Remainder of title circuits,electronics,machines,control
Statement of responsibility, etc. by A. E. Fitzgerald, David E. Higginbotham and Arvin Grabel
250 ## - EDITION STATEMENT
Edition statement 4th ed.
260 ## - PUBLICATION, DISTRIBUTION, ETC. (IMPRINT)
Place of publication, distribution, etc. New York
Name of publisher, distributor, etc. McGraw-Hill
Date of publication, distribution, etc. 1975
300 ## - PHYSICAL DESCRIPTION
Extent xiv, 817 p.
Other physical details illus.
Dimensions 24 cm.
650 #0 - SUBJECT ADDED ENTRY--TOPICAL TERM
Topical term or geographic name as entry element Electricity : Engineering
700 ## - ADDED ENTRY--PERSONAL NAME
Personal name Higginbotham, David E.
700 ## - ADDED ENTRY--PERSONAL NAME
Personal name Grabel, Arvin
942 ## - ADDED ENTRY ELEMENTS (KOHA)
Koha item type General Book
Holdings
Koha issues (times borrowed) Koha date last borrowed Withdrawn status Price effective from Not for loan Sublocation or collection (holding branch) Copy number Koha normalized classification for sorting Date acquired Koha full call number Shelving location Koha item type Location (home branch) Damaged status Source of classification or shelving scheme Lost status Koha date last seen Piece designation (barcode)
12018-07-21 2014-12-07 Central Library, BUET1623PIT19752014-12-07623/PIT/1975Circulation sectionGeneral BookCentral Library, BUET   2018-08-0465364
   2015-03-12 Central Library, BUET2623_000000000000000_PIT_19752015-03-12623/PIT/1975Circulation sectionGeneral BookCentral Library, BUET   2015-03-1243309
   2015-03-12 Central Library, BUET3623_000000000000000_PIT_19752015-03-12623/PIT/1975Circulation sectionGeneral BookCentral Library, BUET   2015-03-1243314
   2015-03-12 Central Library, BUET4623_000000000000000_PIT_19752015-03-12623/PIT/1975Circulation sectionGeneral BookCentral Library, BUET   2015-03-1243676
   2015-03-12 Central Library, BUET5623_000000000000000_PIT_19752015-03-12623/PIT/1975Circulation sectionGeneral BookCentral Library, BUET   2015-03-1242843
   2015-04-16 Central Library, BUET6623_000000000000000_FIT_19752015-04-16623/FIT/1975Circulation sectionGeneral BookCentral Library, BUET   2015-04-1643308
   2015-04-18 Central Library, BUET7623_000000000000000_FIT_19752015-04-18623/FIT/1975Circulation sectionGeneral BookCentral Library, BUET   2015-04-1843316
   2015-04-21 Central Library, BUET8623_000000000000000_FIT_19752015-04-21623/FIT/1975Circulation sectionGeneral BookCentral Library, BUET   2015-04-2143310
   2015-04-21 Central Library, BUET9623_000000000000000_FIT_19752015-04-21623/FIT/1975Circulation sectionGeneral BookCentral Library, BUET   2015-04-2143677
   2015-04-21 Central Library, BUET10623_000000000000000_FIT_19752015-04-21623/FIT/1975Circulation sectionGeneral BookCentral Library, BUET   2015-04-2143313
   2015-04-21 Central Library, BUET11623_000000000000000_FIT_19752015-04-21623/FIT/1975Circulation sectionGeneral BookCentral Library, BUET   2015-04-2143307
   2015-04-21 Central Library, BUET12623_000000000000000_FIT_19752015-04-21623/FIT/1975Circulation sectionGeneral BookCentral Library, BUET   2015-04-2151101
   2015-06-28 Central Library, BUET13623_000000000000000_FIT_19752015-06-28623/FIT/1975Reading sectionReading ItemCentral Library, BUET   2015-06-2842841
   2015-06-28 Central Library, BUET14623_000000000000000_FIT_19752015-06-28623/FIT/1975Reading sectionReading ItemCentral Library, BUET   2015-06-2842840
   2015-06-28 Central Library, BUET15623_000000000000000_FIT_19752015-06-28623/FIT/1975Reading sectionReading ItemCentral Library, BUET   2015-06-2843679